00371Cam#a22001455a#4500003000900000008004100009040001800050041000800068080001100076100001900087245004100106260003600147300001800183653002400201AR-RoUNA140529||||||||||||||||| |||| 0|||| d aAR-RoUNAbspa aspa a72.0361 aForsee, Aylesa aFrank lloyd wright. Su vida y obra : aBuenos Aires :bVictor Leru Srl a224 p. :bil. aWright, Frank Lloyd